Statistics for FIFA World Cup Goals

Click here to take the quiz!

General Stats

  • This quiz has been taken 51 times
  • The average score is 8 of 20

Answer Stats

DateDescriptionScorer% Correct
29th June 195817 year old Brazil Striker flicks the ball over the Swedish Defender and heads it in to make the score 3-1Pele
91%
11th July 2010Cesc Fabregas intercepts an attempted Dutch clearance and sends a through ball to his team mate who controls, then volleys in the World Cup winning goalAndreas Iniesta
83%
8th July 2014Striker has his first shot saved by Brazillian Goalkeeper Julio Cesar before knocking in the rebound to score his record breaking 16th Goal in World Cup competition.Miroslav Klose
83%
21st June 2002Sent off after 57 minutes but not before curling a much debated about 40 yard free kick over the head of the misplaced England GoalkeeperRonaldinho
64%
4th July 1998Picks up an inch perfect Frank De Boar pass, dummies Roberto Ayala and curls the ball round Carlos Roa. Three touches, one amazing goalDennis Bergkamp
62%
30th July 1966England Striker picks up an Alan Ball cross, turns and volleys the ball goalwards. But does it cross the line? Referee consults linesman and the goal is givenGeoff Hurst
60%
23rd June 1990A bad back pass from Perea sees Rene Higuita disposessed by the Cameroon striker who runs away and sticks the winning goal into the open netRoger Milla
53%
19th June 1990Performs a 1-2 with Giuseppe Giannini then runs at the Czech defence, taking on 2 players to score the goal of the tournamentRoberto Baggio
34%
26th June 1990Connects with a Paul Gascoigne free kick to volley the ball into the net, in the last minute of extra time, sending England through to the Quarter FinalsDavid Platt
32%
16th June 2006A 25 pass build up ends when this substitute connects with Hernan Crespo's back heel to send the ball into the roof of the net and make the score 2-0Esteban Cambiasso
32%
21st June 1970To the TV viewer at home, Pele's pass to the right appears to be to no-one until the oncoming Full Back arrives to hammer the ball into the bottom cornerCarlos Alberto
30%
11th June 1978Scottish Midfielder picks up a loose ball just outside the area, takes on 3 Dutch Defenders and chips the ball over the diving GoalkeeperArchie Gemmill
26%
10th July 1994Bulgarian Midfielder gets on the end of a Yankov cross to send the ball sailing into the far corner and eliminate holders GermanyYordan Letchkov
26%
18th June 1994Aston Villa Midfielder intercepts an opposition header just outside the area and hits a looping shot over Gianluca Pagliuca. Ireland 1 - Italy 0Ray Houghton
21%
11th July 1982Italian number 14 controls a Scirea pass on the edge of the area then with his second touch volleys the ball into the far corner of the goalMarco Tardelli
17%
18th June 2002Heads in a Golden Goal against Italy to put his country through the Quarter FInals and earns himself the sack in the processAhn Jung-Hwan
15%
21st June 1978Dutch Midfielder receives a pass just after the halfway line, runs, then strikes a 40 yard shot into the right hand side of Dino Zoff's goalArie Haan
13%
25th June 1982Luis Arconada palms away a Billy Hamilton cross before the oncoming Striker hammers the ball into the net past 2 watching DefendersGerry Armstrong
11%
19th July 1966Collects a header from one of his team mates on the edge of the Italian area and scores to provide one of the biggest upsets in Wolrd Cup historyPak Doo-Ik
6%
29th June 1994Saudi Arabian Midfielder receives a pass from the edge of his own 18 yard box, and runs, and runs, and scoresSaeed Owairan
6%

Score Distribution

Percentile by Number Answered

Percent of People with Each Score

Your Score History

You have not taken this quiz